Normal view
MARC view
Entry Geographic Name
001 - CONTROL NUMBER
- control field: 20100
003 - CONTROL NUMBER IDENTIFIER
- control field: OSt
005 - DATE AND TIME OF LATEST TRANSACTION
- control field: 20130114145431.0
008 - FIXED-LENGTH DATA ELEMENTS
- fixed length control field: 130114|||a|||||| | ||| d
040 ## - CATALOGING SOURCE
- Original cataloging agency: OSt
- Transcribing agency: OSt
151 ## - HEADING--GEOGRAPHIC NAME
- Geographic name: Egypt
- General subdivision: Intellectual life.
670 ## - SOURCE DATA FOUND
- Source citation: Work cat.: (OSt)0: Obenga, Théophile. 20098, African philosophy :, c2004.
